East Pakistan District Gazetteers: Dacca / (Record no. 23419)
[ view plain ]
| 000 -LEADER | |
|---|---|
| fixed length control field | 01116cam a2200301 4500 |
| 001 - CONTROL NUMBER | |
| control field | 1774170 |
| 003 - CONTROL NUMBER IDENTIFIER | |
| control field | BDDh-ASL |
| 005 - DATE AND TIME OF LATEST TRANSACTION | |
| control field | 20231015030234.0 |
| 008 - FIXED-LENGTH DATA ELEMENTS--GENERAL INFORMATION | |
| fixed length control field | 710719m19691971pk ab b 000 0 eng |
| 010 ## - LIBRARY OF CONGRESS CONTROL NUMBER | |
| LC control number | 76931279 |
| 040 ## - CATALOGING SOURCE | |
| Original cataloging agency | DLC |
| Transcribing agency | DLC |
| Modifying agency | DLC |
| -- | BDDh-ASL |
| 043 ## - GEOGRAPHIC AREA CODE | |
| Geographic area code | a-bg--- |
| 050 00 - LIBRARY OF CONGRESS CALL NUMBER | |
| Classification number | DS393.4 |
| Item number | .A57 |
| 082 00 - DEWEY DECIMAL CLASSIFICATION NUMBER | |
| Classification number | 910.35492 |
| Item number | DAC |
| 110 1# - MAIN ENTRY--CORPORATE NAME | |
| Corporate name or jurisdiction name as entry element | East Pakistan (Pakistan). |
| Subordinate unit | Services and General Administration Department. |
| -- | Government of East Pakistan. |
| 245 10 - TITLE STATEMENT | |
| Title | East Pakistan District Gazetteers: Dacca / |
| Statement of responsibility, etc. | General Editor: S. N. H. Rizvi. |
| 260 ## - PUBLICATION, DISTRIBUTION, ETC. | |
| Place of publication, distribution, etc. | Dacca: |
| Name of publisher, distributor, etc. | East Pakistan Govt. Press, |
| Date of publication, distribution, etc. | 1969-71. |
| 300 ## - PHYSICAL DESCRIPTION | |
| Extent | 550 p. : |
| Other physical details | illus., maps (1 fold.); |
| Dimensions | 25 cm. |
| 350 ## - PRICE (NR) (BK AM CF MU VM SE) [OBSOLETE] | |
| Price | Rs45.00 |
| 500 ## - GENERAL NOTE | |
| General note | Later vols. published 1971- entered under Bangladesh. Ministry of Cabinet affairs. Establishment Division. |
| 504 ## - BIBLIOGRAPHY, ETC. NOTE | |
| Bibliography, etc. note | Includes bibliographies. |
| 505 0# - FORMATTED CONTENTS NOTE | |
| Formatted contents note | [1] Dacca.--[2] Chittagong.--[3] Sylhet. |
| 650 #0 - SUBJECT ADDED ENTRY--TOPICAL TERM | |
| 9 (RLIN) | 3522 |
| Topical term or geographic name entry element | District Gazetteers |
| 651 #0 - SUBJECT ADDED ENTRY--GEOGRAPHIC NAME | |
| Geographic name | Bangladesh. |
| Geographic subdivision | Dacca |
| 700 1# - ADDED ENTRY--PERSONAL NAME | |
| Personal name | Rizvi, S. N. H., |
| Dates associated with a name | 1914- |
| Relator term | ed. |
| 906 ## - LOCAL DATA ELEMENT F, LDF (RLIN) | |
| a | 7 |
| b | cbc |
| c | orignew |
| d | 4 |
| e | ncip |
| f | 19 |
| g | y-gencatlg |
| 942 ## - ADDED ENTRY ELEMENTS (KOHA) | |
| Source of classification or shelving scheme | Dewey Decimal Classification |
| Koha item type | Books |
| Withdrawn status | Lost status | Source of classification or shelving scheme | Damaged status | Not for loan | Collection code | Home library | Current library | Shelving location | Date acquired | Source of acquisition | Total Checkouts | Full call number | Barcode | Date last seen | Copy number | Price effective from | Koha item type | Public note |
|---|---|---|---|---|---|---|---|---|---|---|---|---|---|---|---|---|---|---|
| Dewey Decimal Classification | Damaged | Not For Loan | Non-fiction | Asiatic Society Library | Asiatic Society Library | General Stacks | 03/25/2021 | ASB Library Collections | 910.35492 DAC | 107847 | 03/25/2021 | C-1 | 03/25/2021 | Books | RARE | |||
| Dewey Decimal Classification | Not For Loan | Non-fiction | Asiatic Society Library | Asiatic Society Library | Reference | 11/07/2021 | ASB Library Collection | 910.35492 DAC | 113809 | 11/07/2021 | C-2 | 11/07/2021 | Books | RARE | ||||
| Dewey Decimal Classification | Non-fiction | Asiatic Society Library | Asiatic Society Library | Dhaka Collection | 05/29/2022 | Donated by Prof. (Dr.) M. Abdul Qayyum & Dr. Razia Sultana | 910.35492 DAC | 116830 | 05/29/2022 | C-3 | 05/29/2022 | Books | RARE |